ბათუმის შოთა რუსთაველის სახელმწიფო უნივერსიტეტის ბიბლიოთეკა

ვეტერინალური პროტოზოოლოგია (ბიბ.ჩანაწერი № 44651)

000 -LEADER
fixed length control field 00819nam a2200229Ia 4500
001 - CONTROL NUMBER
control field 11454
003 - CONTROL NUMBER IDENTIFIER
control field GE_BSU
008 - FIXED-LENGTH DATA ELEMENTS--GENERAL INFORMATION
fixed length control field 181216s||||||||xx |||||||||||||| ||und||
040 ## - CATALOGING SOURCE
Transcribing agency GE_BSU
080 ## - UNIVERSAL DECIMAL CLASSIFICATION NUMBER
Universal Decimal Classification number 593.1+619:616.99+595.44+595.7
100 ## - MAIN ENTRY--PERSONAL NAME
Personal name მათიკაშვილი,ირ.
245 ## - TITLE STATEMENT
Title ვეტერინალური პროტოზოოლოგია
245 ## - TITLE STATEMENT
Remainder of title (არაქნო ენტომოლოგიით)
245 ## - TITLE STATEMENT
Statement of responsibility, etc. რედ:პ.ბურჯანაძე.
260 ## - PUBLICATION, DISTRIBUTION, ETC.
Place of publication, distribution, etc. თბილისი
260 ## - PUBLICATION, DISTRIBUTION, ETC.
Name of publisher, distributor, etc. ცოდნა
260 ## - PUBLICATION, DISTRIBUTION, ETC.
Date of publication, distribution, etc. 1958
300 ## - PHYSICAL DESCRIPTION
Extent 366გვ;23სმ.
300 ## - PHYSICAL DESCRIPTION
Other physical details ილ.
653 ## - INDEX TERM--UNCONTROLLED
Uncontrolled term ვეტერინალური პროტოზოოლოგია(არაქნო ენტომოლოგიით).
942 ## - ADDED ENTRY ELEMENTS (KOHA)
Koha item type წიგნი
ეგზემპლარები
Withdrawn status Lost status Damaged status Not for loan Date acquired Barcode Date last seen Price effective from Koha item type
        2018-12-17 20258 2018-12-17 2018-12-17 წიგნი
        2018-12-17 20259 2018-12-17 2018-12-17 წიგნი